[Event "Mercredi 2013.15.05 ABCD"]
[Site "Montreal"]
[Date "2013.05.22"]
[Round "2"]
[White "Cardin, Guillaume"]
[Black "Dumouchel, Alain"]
[Result "1-0"]
[WhiteElo "2053"]
[BlackElo "1902"]
[PlyCount "39"]
[EventDate "2013.05.15"]
[EventRounds "5"]
[EventCountry "CAN"]
[SourceDate "2005.09.12"]

1. d4 d5 2. c4 e6 3. Nf3 Nf6 4. g3 dxc4 5. Bg2 Nc6 6. O-O Rb8 7. e3 a6 8. Qe2
b5 9. Rd1 Bb7 10. a4 Be7 11. axb5 axb5 12. Nc3 b4 13. d5 exd5 14. Nxd5 Nxd5 15.
e4 Nb6 16. Rxd8+ Rxd8 17. Bf4 Na8 18. Qxc4 O-O 19. Qb5 Rb8 20. Rc1 1-0

[Event "Mercredi 2013.15.05 ABCD"]
[Site "Montreal"]
[Date "2013.05.22"]
[Round "2"]
[White "Gauthier, Luc"]
[Black "Leung, Chin"]
[Result "0-1"]
[WhiteElo "1760"]
[BlackElo "1778"]
[PlyCount "74"]
[EventDate "2013.05.15"]
[EventRounds "5"]
[EventCountry "CAN"]
[SourceDate "2005.09.12"]

1. e4 e6 2. d4 d5 3. e5 c5 4. c3 Nc6 5. Nf3 Nge7 6. Bd3 Ng6 7. O-O Be7 8. Re1
c4 9. Bc2 b5 10. b3 a5 11. bxc4 dxc4 12. Nbd2 Nf4 13. Nxc4 Nxg2 14. Nxa5 Nxe1
15. Nxc6 Qd5 16. Qxe1 Qxf3 17. Be4 Qg4+ 18. Kh1 Bb7 19. f3 Qh4 20. Qe2 O-O 21.
Be3 Bxc6 22. Bxc6 Rac8 23. Bf2 Qh3 24. Qxb5 Rb8 25. Qe2 Rfc8 26. d5 exd5 27.
Bxd5 Rxc3 28. Bd4 Rc7 29. Rg1 Kf8 30. Bxf7 Kxf7 31. e6+ Ke8 32. Qe4 Bd6 33. f4
Rbc8 34. Bxg7 Rxg7 35. Rxg7 Rc1+ 36. Rg1 Rxg1+ 37. Kxg1 Bc5+ 0-1

[Event "Mercredi 2013.15.05 ABCD"]
[Site "Montreal"]
[Date "2013.05.22"]
[Round "2"]
[White "Lopez, Cesar"]
[Black "Barko, Maxime"]
[Result "1-0"]
[WhiteElo "1784"]
[BlackElo "1779"]
[PlyCount "53"]
[EventDate "2013.05.15"]
[EventRounds "5"]
[EventCountry "CAN"]
[SourceDate "2005.09.12"]

1. Nf3 e6 2. c4 d5 3. d4 c6 4. Nc3 dxc4 5. e3 b5 6. a4 Bb4 7. Bd2 a5 8. axb5
Bxc3 9. Bxc3 cxb5 10. b3 Bb7 11. bxc4 b4 12. Bb2 Nf6 13. Bd3 Nbd7 14. O-O O-O
15. Re1 Ne4 16. Qc2 f5 17. c5 Qc7 18. Bb5 Bc6 19. Bc4 Rfe8 20. Qb3 Nf8 21. Rad1
Qb7 22. d5 exd5 23. Rxd5 Kh8 24. Rxf5 a4 25. Qd1 Rad8 26. Bd4 b3 27. Rf7 1-0

[Event "Mercredi 2013.15.05 ABCD"]
[Site "Montreal"]
[Date "2013.05.22"]
[Round "2"]
[White "Chesnut, Walter"]
[Black "Munshi, Shawkat"]
[Result "1-0"]
[WhiteElo "1597"]
[BlackElo "1674"]
[PlyCount "55"]
[EventDate "2013.05.15"]
[EventRounds "5"]
[EventCountry "CAN"]
[SourceDate "2005.09.12"]

1. Nf3 e6 2. c4 Nf6 3. d4 b6 4. e3 Bb7 5. Bd3 Be7 6. O-O c5 7. Nc3 d6 8. dxc5
bxc5 9. e4 Nc6 10. Qb3 Rb8 11. Rd1 O-O 12. e5 Ne8 13. Qa4 Qb6 14. exd6 Nxd6 15.
Bf4 Rbd8 16. Qc2 g6 17. a3 Nf5 18. Bxf5 exf5 19. Nd5 Qa6 20. Nxe7+ Nxe7 21.
Rxd8 Rxd8 22. Bg5 f6 23. Qe2 Kf7 24. Re1 Qd6 25. Bf4 Qd7 26. Be3 Qd6 27. Bxc5
Bxf3 28. Qxe7+ 1-0

[Event "Mercredi 2013.15.05 ABCD"]
[Site "Montreal"]
[Date "2013.05.22"]
[Round "2"]
[White "Baran, Marius"]
[Black "Gates, Claude-Eric"]
[Result "1-0"]
[WhiteElo "1572"]
[BlackElo "1677"]
[PlyCount "91"]
[EventDate "2013.05.15"]
[EventRounds "5"]
[EventCountry "CAN"]
[SourceDate "2005.09.12"]

1. d4 Nf6 2. c4 g6 3. g3 Bg7 4. Bg2 O-O 5. Nc3 d6 6. Nf3 Nbd7 7. O-O a6 8. Qc2
e5 9. Rd1 exd4 10. Nxd4 Qe7 11. Bg5 h6 12. Nd5 Qd8 13. Bf4 g5 14. Bc1 Nxd5 15.
cxd5 Re8 16. Nf5 Qf6 17. Nxg7 Kxg7 18. b3 Re7 19. Bb2 Ne5 20. Rf1 Qg6 21. e4 f6
22. Qc3 Kf8 23. f4 gxf4 24. Rxf4 Rf7 25. Raf1 Kg7 26. Bc1 Bd7 27. a4 c5 28. Bb2
b5 29. a5 b4 30. Qc2 Raf8 31. Re1 Bb5 32. Bf1 Rb8 33. Be2 Bxe2 34. Qxe2 Kh7 35.
Ref1 Rb5 36. Bxe5 dxe5 37. Rg4 Rxa5 38. Rxg6 Kxg6 39. Qg4+ Kh7 40. d6 Rb5 41.
Qe6 Rg7 42. Rc1 h5 43. d7 Rb8 44. Rxc5 Rd8 45. Rc7 Kg6 46. Qe8+ 1-0

[Event "Mercredi 2013.15.05 ABCD"]
[Site "Montreal"]
[Date "2013.05.22"]
[Round "2"]
[White "Cote, Philippe"]
[Black "Fortin-Lavoie, Patrice"]
[Result "1-0"]
[WhiteElo "1725"]
[BlackElo "1617"]
[PlyCount "80"]
[EventDate "2013.05.15"]
[EventRounds "5"]
[EventCountry "CAN"]
[SourceDate "2005.09.12"]

1. e4 c5 2. Nf3 e6 3. d3 Nc6 4. Nbd2 d5 5. g3 Nf6 6. Bg2 Be7 7. O-O O-O 8. Re1
Qc7 9. e5 Nd7 10. Qe2 f6 11. exf6 Nxf6 12. Bh3 Nd8 13. Ne5 Qb6 14. Ndf3 Ne8 15.
Ng5 Nd6 16. Nxh7 Re8 17. Qh5 N8f7 18. Ng6 Nb5 19. Bf4 Nd4 20. Ne5 Nd6 21. Bg5
Qd8 22. Bxe7 Qxe7 23. Ng5 Qf6 24. Qh7+ Kf8 25. Ng6+ Qxg6 26. Qxg6 e5 27. Nh7+
Kg8 28. Nf6+ Kf8 29. Nxe8 Nxe8 30. Bxc8 Rxc8 31. Qg4 Rc7 32. Rxe5 Nf6 33. Qf4
Rf7 34. Rae1 Ne4 35. Qxf7+ Kxf7 36. dxe4 Nf3+ 37. Kf1 Nxe5 38. exd5 Kf6 39.
Rxe5 Kxe5 40. Ke2 Kxd5 1-0

[Event "Mercredi 2013.15.05 ABCD"]
[Site "Montreal"]
[Date "2013.05.29"]
[Round "3"]
[White "Tremblay, Alain"]
[Black "Levkovsky, Alexandre"]
[Result "0-1"]
[WhiteElo "2122"]
[BlackElo "2284"]
[PlyCount "50"]
[EventDate "2013.05.15"]
[EventRounds "5"]
[EventCountry "CAN"]
[SourceDate "2005.09.12"]

1. e4 e5 2. Nf3 Nc6 3. Nc3 Nf6 4. g3 Bc5 5. Bg2 d6 6. d3 h6 7. O-O Be6 8. Na4
Bb6 9. c3 O-O 10. d4 Bg4 11. d5 Ne7 12. h3 Bd7 13. Nxb6 axb6 14. Nh4 g5 15. Qf3
Kg7 16. Nf5+ Nxf5 17. exf5 e4 18. Qd1 Bxf5 19. Be3 c6 20. dxc6 bxc6 21. f3 c5
22. fxe4 Bxe4 23. Rxf6 Qxf6 24. Bxe4 Rae8 25. Qg4 Qe6 0-1

[Event "Mercredi 2013.15.05 ABCD"]
[Site "Montreal"]
[Date "2013.05.29"]
[Round "3"]
[White "Cloutier, Mathieu"]
[Black "Boudreau, Daniel"]
[Result "1-0"]
[WhiteElo "2103"]
[BlackElo "2085"]
[PlyCount "48"]
[EventDate "2013.05.15"]
[EventRounds "5"]
[EventCountry "CAN"]
[SourceDate "2005.09.12"]

1. e4 c5 2. Nf3 e6 3. d4 cxd4 4. Nxd4 Nc6 5. Nc3 a6 6. Nxc6 bxc6 7. e5 Qc7 8.
f4 f6 9. Bd3 f5 10. Be3 Ne7 11. g4 c5 12. gxf5 exf5 13. Bc4 Bb7 14. Qh5+ g6 15.
Qh4 Bxh1 16. Qf6 Qc6 17. Bf7+ Kd8 18. Qxh8 Kc7 19. O-O-O Qf3 20. Bxc5 Qxf4+ 21.
Kb1 Bf3 22. Qf6 Nd5 23. Rxd5 Bxc5 24. Rxc5+ Bc6 1-0

[Event "Mercredi 2013.15.05 ABCD"]
[Site "Montreal"]
[Date "2013.05.29"]
[Round "3"]
[White "Leung, Chin"]
[Black "Ber, Alexandre"]
[Result "0-1"]
[WhiteElo "1778"]
[BlackElo "1777"]
[PlyCount "51"]
[EventDate "2013.05.15"]
[EventRounds "5"]
[EventCountry "CAN"]
[SourceDate "2005.09.12"]

1. e4 e6 2. f4 d5 3. e5 c5 4. Nf3 Nc6 5. Bb5 a6 6. Bxc6+ bxc6 7. c3 c4 8. O-O
Bc5+ 9. d4 cxd3+ 10. Kh1 a5 11. Re1 Ne7 12. Qxd3 Ba6 13. Qc2 Qb6 14. Nd4 Bxd4
15. cxd4 Qxd4 16. Be3 Qc4 17. Qf2 O-O 18. Na3 Qb4 19. Bc5 Qb7 20. Nc2 Rfe8 21.
Nd4 Nf5 22. Nxf5 exf5 23. Re3 a4 24. Rh3 Re6 25. b4 Rd8 26. Qh4 0-1

[Event "Mercredi 2013.15.05 ABCD"]
[Site "Montreal"]
[Date "2013.05.29"]
[Round "3"]
[White "Saha, Ananda"]
[Black "Lopez, Cesar"]
[Result "0-1"]
[WhiteElo "1778"]
[BlackElo "1784"]
[PlyCount "48"]
[EventDate "2013.05.15"]
[EventRounds "5"]
[EventCountry "CAN"]
[SourceDate "2005.09.12"]

1. d4 Nf6 2. c4 e6 3. Nc3 Bb4 4. e3 Bxc3+ 5. bxc3 d6 6. Nf3 Nbd7 7. Bd3 Qe7 8.
O-O e5 9. e4 Nf8 10. Re1 Ng6 11. d5 b6 12. a4 a5 13. h3 Nh5 14. c5 bxc5 15.
Bb5+ Bd7 16. Bxd7+ Kxd7 17. Ng5 Nhf4 18. Qg4+ Ke8 19. g3 Qxg5 20. gxf4 Qxg4+
21. hxg4 exf4 22. f3 Ne5 23. Kg2 g5 24. Rh1 Rb8 0-1

[Event "Mercredi 2013.15.05 ABCD"]
[Site "Montreal"]
[Date "2013.05.29"]
[Round "3"]
[White "Barko, Maxime"]
[Black "Gauthier, Luc"]
[Result "1-0"]
[WhiteElo "1779"]
[BlackElo "1760"]
[PlyCount "117"]
[EventDate "2013.05.15"]
[EventRounds "5"]
[EventCountry "CAN"]
[SourceDate "2005.09.12"]

1. d4 d5 2. Nf3 Nc6 3. Bg5 f6 4. Bf4 Bg4 5. Nc3 a6 6. Bg3 e6 7. e3 Bd6 8. Be2
Nge7 9. Nh4 Bxe2 10. Qxe2 Qd7 11. Qg4 Nc8 12. Qh5+ Qf7 13. Qxf7+ Kxf7 14. O-O-O
Bxg3 15. hxg3 Nd6 16. Nf3 b5 17. Rh4 a5 18. Re1 b4 19. Na4 Ne4 20. Nd2 Nxd2 21.
Kxd2 e5 22. Nc5 g5 23. Rh5 exd4 24. exd4 Nxd4 25. Reh1 h6 26. Rxh6 Rxh6 27.
Rxh6 Kg7 28. Rh1 Re8 29. Kd3 Nc6 30. f3 Ne5+ 31. Kd4 c6 32. b3 Re7 33. a3 Nf7
34. Kd3 Ne5+ 35. Kd2 Nd7 36. Nb7 bxa3 37. Nxa5 Nb6 38. Nxc6 Rc7 39. Nb4 Ra7 40.
Ra1 Kf7 41. Ra2 Ke6 42. Nc6 Ra8 43. Nd4+ Kd7 44. Kd3 Ra5 45. Kc3 Kd6 46. Rxa3
Rxa3 47. Nb5+ Kc5 48. Nxa3 d4+ 49. Kd3 Nd5 50. Nc4 Nb4+ 51. Kd2 f5 52. Ne5 Nd5
53. Nf7 Ne3 54. Nxg5 Nxg2 55. Ne6+ Kd5 56. Nf4+ Nxf4 57. gxf4 Kc5 58. Kd3 Kd5
59. b4 1-0

[Event "Mercredi 2013.15.05 ABCD"]
[Site "Montreal"]
[Date "2013.05.29"]
[Round "3"]
[White "Fortin-Lavoie, Patrice"]
[Black "Baran, Marius"]
[Result "1-0"]
[WhiteElo "1617"]
[BlackElo "1572"]
[PlyCount "81"]
[EventDate "2013.05.15"]
[EventRounds "5"]
[EventCountry "CAN"]
[SourceDate "2005.09.12"]

1. e4 c5 2. Nf3 d6 3. Bb5+ Bd7 4. Bxd7+ Qxd7 5. O-O Nc6 6. c3 Rc8 7. Na3 g6 8.
d3 Bg7 9. Re1 Nf6 10. Nc2 O-O 11. d4 cxd4 12. Ncxd4 Ng4 13. b4 Nce5 14. Bd2 Nc4
15. Rb1 b5 16. Ng5 h6 17. Nh3 e5 18. Nb3 f5 19. f3 Nf6 20. Na5 fxe4 21. fxe4
Nxa5 22. bxa5 a6 23. Rb4 Ng4 24. a4 Rf6 25. axb5 axb5 26. Qe2 Qa7+ 27. Kh1 Nf2+
28. Nxf2 Rxf2 29. Qd3 Rcf8 30. h3 Qxa5 31. Be3 R2f6 32. Rxb5 Qa6 33. c4 Kh7 34.
Rd1 Ra8 35. Rb6 Qa2 36. Rxd6 Rxd6 37. Qxd6 Qxc4 38. Qd5 Ra4 39. Qd7 Qxe4 40.
Bc5 Qf5 41. Qxa4 1-0

[Event "Mercredi 2013.15.05 ABCD"]
[Site "Montreal"]
[Date "2013.05.29"]
[Round "3"]
[White "Gates, Claude-Eric"]
[Black "Chesnut, Walter"]
[Result "0-1"]
[WhiteElo "1677"]
[BlackElo "1597"]
[PlyCount "73"]
[EventDate "2013.05.15"]
[EventRounds "5"]
[EventCountry "CAN"]
[SourceDate "2005.09.12"]

1. c4 c6 2. g3 d5 3. Bg2 e6 4. Nf3 Nf6 5. O-O Bd6 6. d4 Nbd7 7. Nfd2 O-O 8. Nc3
Re8 9. e4 dxe4 10. Ndxe4 Nxe4 11. Nxe4 Be7 12. Re1 Nb6 13. b3 f5 14. Nc3 Bf6
15. Ne2 c5 16. Bb2 cxd4 17. Bxd4 e5 18. Bc3 Qc7 19. Qc2 Be6 20. Rad1 Rad8 21.
Qb2 Nd7 22. Nc1 e4 23. Ne2 Bxc3 24. Qxc3 Ne5 25. Nf4 Bf7 26. h4 b5 27. c5 a5
28. a3 a4 29. b4 Bb3 30. f3 Rxd1 31. Rxd1 Bxd1 32. fxe4 fxe4 33. Bxe4 Bb3 34.
Kg2 Ng6 35. Bxg6 hxg6 36. Qd3 Qc6+ 37. Kh2 0-1

[Event "Mercredi 2013.15.05 ABCD"]
[Site "Montreal"]
[Date "2013.05.29"]
[Round "3"]
[White "Munshi, Shawkat"]
[Black "Cote, Philippe"]
[Result "1-0"]
[WhiteElo "1674"]
[BlackElo "1725"]
[PlyCount "47"]
[EventDate "2013.05.15"]
[EventRounds "5"]
[EventCountry "CAN"]
[SourceDate "2005.09.12"]

1. d4 d6 2. c4 g6 3. Nf3 Bg7 4. Nc3 Nf6 5. e4 O-O 6. Be2 e5 7. d5 Nbd7 8. Bg5
h6 9. Be3 Ng4 10. Bd2 f5 11. h3 Ngf6 12. Qc2 Nc5 13. Bd3 fxe4 14. Nxe4 Nfxe4
15. Bxe4 Nxe4 16. Qxe4 Bf5 17. Qe3 Kh7 18. Bc3 c6 19. dxc6 bxc6 20. O-O Qb6 21.
c5 dxc5 22. Nxe5 Rae8 23. Qg3 Qc7 24. Nxg6 1-0

[Event "Mercredi 2013.15.05 ABCD"]
[Site "Montreal"]
[Date "2013.06.05"]
[Round "4"]
[White "Cardin, Guillaume"]
[Black "Nardone, Raul"]
[Result "0-1"]
[WhiteElo "2053"]
[BlackElo "1893"]
[PlyCount "124"]
[EventDate "2013.05.15"]
[EventRounds "5"]
[EventCountry "CAN"]
[SourceDate "2005.09.12"]

1. d4 f5 2. Nc3 d5 3. Bg5 Nf6 4. Bxf6 exf6 5. e3 Be6 6. Bd3 Qd7 7. Qf3 Nc6 8.
a3 O-O-O 9. Nge2 g5 10. g3 Be7 11. O-O-O Kb8 12. h4 h6 13. Kb1 Ka8 14. Ka1 Kb8
15. Rc1 Na5 16. Rhd1 Ka8 17. Qh1 Kb8 18. Qe1 b6 19. Nb1 Nb7 20. c4 Na5 21. c5
Nb3+ 22. Ka2 Nxc1+ 23. Rxc1 f4 24. c6 Qc8 25. exf4 Bf5 26. Bb5 Bxb1+ 27. Rxb1
Qe6 28. Rc1 Bd6 29. Qd1 gxf4 30. gxf4 Rhe8 31. Qa4 Rg8 32. Ba6 f5 33. Nc3 Bxf4
34. Rc2 Rg1 35. Re2 Qf6 36. Bb7 a5 37. Qb5 Qxd4 38. Ba6 Qc4+ 39. Qxc4 dxc4 40.
Bxc4 Rh1 41. Nd5 Bd6 42. b4 Rxh4 43. Kb3 a4+ 44. Kc3 Re4 45. Rxe4 fxe4 46. Kd4
Rf8 47. Ke3 h5 48. Be2 h4 49. Bg4 h3 50. Bxh3 Rf3+ 51. Kxe4 Rxh3 52. f3 Kc8 53.
Nc3 Rh4+ 54. Kd5 Rf4 55. Nxa4 Rxf3 56. Nxb6+ cxb6 57. Kxd6 Rd3+ 58. Ke5 Kc7 59.
b5 Rxa3 60. Kd4 Ra4+ 61. Kc3 Kd6 62. Kb3 Rh4 0-1

[Event "Mercredi 2013.15.05 ABCD"]
[Site "Montreal"]
[Date "2013.06.05"]
[Round "4"]
[White "Levkovsky, Alexandre"]
[Black "Cloutier, Mathieu"]
[Result "1-0"]
[WhiteElo "2284"]
[BlackElo "2103"]
[PlyCount "101"]
[EventDate "2013.05.15"]
[EventRounds "5"]
[EventCountry "CAN"]
[SourceDate "2005.09.12"]

1. d4 Nf6 2. c4 c5 3. d5 e5 4. Nc3 d6 5. e4 Be7 6. h3 O-O 7. Nf3 Ne8 8. Bd3 g6
9. g4 Ng7 10. Bh6 Nd7 11. Qe2 a6 12. Nd2 Bg5 13. Bxg5 Qxg5 14. O-O-O Qe7 15.
Rdf1 Rb8 16. a4 Qd8 17. f4 exf4 18. Rxf4 Ne5 19. Rhf1 Bd7 20. Kc2 Qa5 21. Ra1
b5 22. cxb5 axb5 23. Bxb5 Qb4 24. Ra3 c4 25. Na2 Qc5 26. Bxd7 Nxd7 27. Qxc4 Qg1
28. Rf1 Qg2 29. Rc3 Nc5 30. Qd4 Qe2 31. Nc1 Qa6 32. b3 Rfe8 33. Nd3 Nd7 34. Nc4
Rec8 35. Qf2 f6 36. Qg3 Ne5 37. Ndxe5 fxe5 38. Rf6 Ne8 39. Re6 Qb7 40. Rxe8+
Rxe8 41. Nxd6 Qa6 42. Nxe8 Qe2+ 43. Kc1 Rxe8 44. Qd3 Qe1+ 45. Kb2 Rf8 46. d6
Rf2+ 47. Ka3 Rd2 48. d7 Rxd3 49. Rxd3 Qa1+ 50. Kb4 Qe1+ 51. Kb5 1-0

[Event "Mercredi 2013.15.05 ABCD"]
[Site "Montreal"]
[Date "2013.06.05"]
[Round "4"]
[White "Lopez, Lizandro"]
[Black "Boudreau, Daniel"]
[Result "0-1"]
[WhiteElo "2057"]
[BlackElo "2085"]
[PlyCount "32"]
[EventDate "2013.05.15"]
[EventRounds "5"]
[EventCountry "CAN"]
[SourceDate "2005.09.12"]

1. d4 Nf6 2. c4 c5 3. d5 e6 4. Nc3 exd5 5. cxd5 d6 6. e4 g6 7. Nge2 Bg7 8. Ng3
O-O 9. Be2 h5 10. O-O Ng4 11. Nh1 Qh4 12. h3 Be5 13. Bxg4 hxg4 14. Qd3 gxh3 15.
gxh3 Bxh3 16. Re1 Bh2+ 0-1

[Event "Mercredi 2013.15.05 ABCD"]
[Site "Montreal"]
[Date "2013.06.05"]
[Round "4"]
[White "Ostaci, Liviu"]
[Black "Heredia, Jose"]
[Result "0-1"]
[WhiteElo "1841"]
[BlackElo "1890"]
[PlyCount "40"]
[EventDate "2013.05.15"]
[EventRounds "5"]
[EventCountry "CAN"]
[SourceDate "2005.09.12"]

1. g3 g6 2. Bg2 Bg7 3. c4 c5 4. Nc3 Nc6 5. e3 e6 6. Nge2 Nge7 7. O-O O-O 8. d4
cxd4 9. exd4 d5 10. c5 Nf5 11. Be3 b6 12. cxb6 Qxb6 13. Na4 Qb4 14. a3 Nxe3 15.
fxe3 Qd6 16. Rc1 Ba6 17. Re1 Rab8 18. b4 Bxe2 19. Rxe2 Bh6 20. Qb3 Nxd4 0-1

[Event "Mercredi 2013.15.05 ABCD"]
[Site "Montreal"]
[Date "2013.06.05"]
[Round "4"]
[White "Gauthier, Luc"]
[Black "Ber, Alexandre"]
[Result "1-0"]
[WhiteElo "1760"]
[BlackElo "1777"]
[PlyCount "80"]
[EventDate "2013.05.15"]
[EventRounds "5"]
[EventCountry "CAN"]
[SourceDate "2005.09.12"]

1. e4 e6 2. d4 d5 3. e5 c5 4. c3 Nc6 5. Nf3 Qb6 6. Be2 Bd7 7. O-O cxd4 8. cxd4
f6 9. exf6 Nxf6 10. Nc3 Bd6 11. h3 O-O 12. a3 Rad8 13. Bg5 Ne7 14. b4 h6 15.
Be3 Nf5 16. Qd2 Nxe3 17. Qxe3 Rfe8 18. Ne5 Bxe5 19. Qxe5 Rc8 20. Rac1 Qc7 21.
Qxc7 Rxc7 22. Nb5 Bxb5 23. Bxb5 Rec8 24. Rce1 a6 25. Bd3 Kf7 26. Re3 Ke7 27.
Rfe1 Rc6 28. Bf5 Ne4 29. Bxe4 dxe4 30. Rxe4 Kf7 31. R1e3 b5 32. Re5 Rc1+ 33.
Kh2 R8c6 34. Rc5 R1xc5 35. dxc5 a5 36. f4 g6 37. Kg3 axb4 38. axb4 Ra6 39. Rc3
Ke7 40. Kf3 Ra4 1-0

[Event "Mercredi 2013.15.05 ABCD"]
[Site "Montreal"]
[Date "2013.06.05"]
[Round "4"]
[White "Fortin-Lavoie, Patrice"]
[Black "Munshi, Shawkat"]
[Result "1-0"]
[WhiteElo "1617"]
[BlackElo "1674"]
[PlyCount "63"]
[EventDate "2013.05.15"]
[EventRounds "5"]
[EventCountry "CAN"]
[SourceDate "2005.09.12"]

1. e4 c5 2. Nf3 d6 3. Bb5+ Nc6 4. O-O Bd7 5. c3 Nf6 6. Re1 e6 7. d4 cxd4 8.
cxd4 Be7 9. Nc3 O-O 10. Qe2 a6 11. Bd3 Nb4 12. Bb1 Re8 13. a3 Nc6 14. e5 dxe5
15. dxe5 Nd5 16. Qd3 f5 17. Nxd5 exd5 18. Qxd5+ Kh8 19. e6 Bc8 20. Qxf5 g6 21.
Qh3 Kg8 22. Ba2 Nd4 23. Ng5 h5 24. Be3 Nc2 25. Qf3 Rf8 26. Qe4 Kg7 27. Red1 Qa5
28. Rd5 Qxd5 29. Qxd5 Nxa1 30. Nf7 Re8 31. Qe5+ Kh7 32. Bb1 1-0

[Event "Mercredi 2013.15.05 ABCD"]
[Site "Montreal"]
[Date "2013.06.05"]
[Round "4"]
[White "Baran, Marius"]
[Black "Chesnut, Walter"]
[Result "1-0"]
[WhiteElo "1572"]
[BlackElo "1597"]
[PlyCount "107"]
[EventDate "2013.05.15"]
[EventRounds "5"]
[EventCountry "CAN"]
[SourceDate "2005.09.12"]

1. d4 f5 2. Nc3 Nf6 3. Nf3 g6 4. Bg5 Bg7 5. g3 O-O 6. Qd2 Re8 7. Bh6 Bh8 8. Bg2
c6 9. h3 Na6 10. Ng5 Nc7 11. O-O-O d6 12. e4 fxe4 13. Ncxe4 d5 14. Nc5 b6 15.
Nd3 Nd7 16. Qf4 Bf6 17. Rhe1 Nf8 18. Qe3 Nce6 19. Nxe6 Nxe6 20. Ne5 Qd6 21. f4
Ng7 22. g4 e6 23. Qf2 Rf8 24. Bf3 Bxe5 25. fxe5 Qe7 26. Qg3 Ba6 27. Be2 Bxe2
28. Rxe2 Qf7 29. Qc3 Rac8 30. Bg5 c5 31. Bf6 cxd4 32. Qxd4 Rc4 33. Qe3 Re4 34.
Qd3 Rxe2 35. Qxe2 Rc8 36. Rd3 Qc7 37. Rc3 Qb7 38. Qd3 Rxc3 39. Qxc3 Qd7 40. Qd4
Qb5 41. Qd3 Qa5 42. b3 Qxa2 43. Qc3 Qa3+ 44. Kd2 Qc5 45. Kd3 Ne8 46. Qxc5 bxc5
47. Be7 Nc7 48. Bxc5 a6 49. c4 Kf7 50. Bb6 Na8 51. Ba5 Ke7 52. cxd5 exd5 53.
Kd4 Ke6 54. g5 1-0

[Event "Mercredi 2013.15.05 ABCD"]
[Site "Montreal"]
[Date "2013.06.05"]
[Round "4"]
[White "Lopez, Cesar"]
[Black "Leung, Chin"]
[Result "1-0"]
[WhiteElo "1784"]
[BlackElo "1778"]
[PlyCount "75"]
[EventDate "2013.05.15"]
[EventRounds "5"]
[EventCountry "CAN"]
[SourceDate "2005.09.12"]

1. Nf3 c5 2. e3 Nc6 3. Bb5 Nf6 4. b3 g6 5. Bb2 Bg7 6. O-O O-O 7. Re1 d5 8. Bxc6
bxc6 9. d3 Bg4 10. Nbd2 Re8 11. h3 Bf5 12. Qe2 a5 13. a4 Qb6 14. Rab1 Rad8 15.
e4 Bc8 16. Qe3 d4 17. Qf4 Nh5 18. Qh2 e5 19. Nc4 Qc7 20. Ba3 Qe7 21. Nxa5 Qf6
22. Bc1 h6 23. Nd2 Nf4 24. Ndc4 g5 25. Bxf4 gxf4 26. f3 Kh8 27. Nb6 Be6 28.
Nac4 Rg8 29. a5 Bf8 30. a6 Rg3 31. Kf2 Qh4 32. Ke2 Bd6 33. Nxd6 Bxh3 34. Rg1
Rdg8 35. Nf5 Qd8 36. Nxg3 fxg3 37. Qxh3 Qg5 38. Qxh6+ 1-0

[Event "Mercredi 2013.15.05 ABCD"]
[Site "Montreal"]
[Date "2013.05.31"]
[Round "5"]
[White "Heredia, Jose"]
[Black "Cardin, Guillaume"]
[Result "1/2-1/2"]
[WhiteElo "1890"]
[BlackElo "2053"]
[PlyCount "82"]
[EventDate "2013.05.15"]
[EventRounds "5"]
[EventCountry "CAN"]
[SourceDate "2005.09.12"]

1. e4 d5 2. exd5 Qxd5 3. Nc3 Qd6 4. d4 Nf6 5. Nf3 c6 6. Be3 Bf5 7. Bd3 Bxd3 8.
Qxd3 Nbd7 9. O-O e6 10. b4 Be7 11. Rab1 O-O 12. Ne2 e5 13. Qf5 e4 14. Ne5 g6
15. Qf4 Nd5 16. Qxe4 f5 17. Qf3 Nxe5 18. dxe5 Qxe5 19. Bd4 Qc7 20. Qb3 Bf6 21.
Bxf6 Rxf6 22. c4 Nf4 23. Nxf4 Qxf4 24. c5+ Kf8 25. Qc3 Kf7 26. Rbd1 Re8 27.
Rd7+ Re7 28. g3 Qe4 29. Rfd1 Qe6 30. R7d6 Qe5 31. Qc4+ Rfe6 32. Rd8 Kg7 33.
R1d7 Qe1+ 34. Kg2 Qe4+ 35. Qxe4 Rxe4 36. Rxe7+ Rxe7 37. Rd4 Kf6 38. Rd6+ Re6
39. Rd7 Re7 40. Rd6+ Re6 41. Rd7 Re7 1/2-1/2

[Event "Mercredi 2013.15.05 ABCD"]
[Site "Montreal"]
[Date "2013.06.12"]
[Round "5"]
[White "Tremblay, Alain"]
[Black "Lopez, Lizandro"]
[Result "1-0"]
[WhiteElo "2122"]
[BlackElo "2057"]
[PlyCount "147"]
[EventDate "2013.05.15"]
[EventRounds "5"]
[EventCountry "CAN"]
[SourceDate "2005.09.12"]

1. Nf3 Nf6 2. d4 d5 3. g3 e6 4. Bg2 Be7 5. O-O O-O 6. c4 dxc4 7. Na3 c3 8. bxc3
c5 9. Ne5 cxd4 10. cxd4 Nd5 11. Qb3 Qa5 12. Nac4 Qb4 13. Qd1 Qb5 14. a4 Qa6 15.
e4 Nb4 16. Ne3 N8c6 17. Nxc6 Nxc6 18. Bb2 Rd8 19. d5 Bf8 20. Qh5 Ne7 21. Rfd1
exd5 22. exd5 Ng6 23. h4 Bd7 24. Qf3 Bd6 25. Nf5 Ne5 26. Qh5 Bxf5 27. Qxf5 Qe2
28. Bd4 Qg4 29. Qxg4 Nxg4 30. Rdb1 b6 31. a5 bxa5 32. Rxa5 Rd7 33. Bh3 f5 34.
Bxg4 fxg4 35. Rba1 Bf8 36. Bxa7 Rad8 37. Rd1 h5 38. Be3 Kf7 39. Rd4 Bd6 40. Bg5
Re8 41. Bf4 Re1+ 42. Kg2 Be5 43. Bxe5 Rxe5 44. Rb5 Rf5 45. Rd3 Ke8 46. Re3+ Kd8
47. Rd3 Ke8 48. Re3+ Kd8 49. Rd3 Ke8 50. Kf1 Kd8 51. Rb8+ Kc7 52. Rg8 Rdf7 53.
Rd2 Kd6 54. Ra8 Rd7 55. Ra6+ Ke7 56. d6+ Ke6 57. Rd3 Rc5 58. Kg2 Kf6 59. f3
gxf3+ 60. Rxf3+ Ke6 61. Rd3 g5 62. hxg5 Rxg5 63. Kh3 Kf6 64. Ra8 Ke6 65. Re8+
Kf7 66. Re4 Rg6 67. Red4 Rg5 68. Kh4 Kg6 69. Re3 Ra5 70. Re6+ Kf7 71. Rh6 Kg7
72. Rxh5 Ra6 73. Rhd5 Kf6 74. g4 1-0

[Event "Mercredi 2013.15.05 ABCD"]
[Site "Montreal"]
[Date "2013.06.12"]
[Round "5"]
[White "Munshi, Shawkat"]
[Black "Baran, Marius"]
[Result "1/2-1/2"]
[WhiteElo "1674"]
[BlackElo "1572"]
[PlyCount "98"]
[EventDate "2013.05.15"]
[EventRounds "5"]
[EventCountry "CAN"]
[SourceDate "2005.09.12"]

1. d4 d5 2. c4 e6 3. Nf3 Nf6 4. e3 Be7 5. Be2 O-O 6. O-O dxc4 7. Bxc4 b6 8.
Nbd2 Bb7 9. b3 Nbd7 10. Bb2 c5 11. dxc5 Nxc5 12. Qe2 Rc8 13. Rfd1 Qc7 14. Rac1
Qb8 15. Be5 Qa8 16. b4 Ncd7 17. Bc3 Nd5 18. a3 Nxc3 19. Rxc3 Bf6 20. Rc2 b5 21.
Bb3 a6 22. Rdc1 Rxc2 23. Rxc2 Rc8 24. Qd3 Rd8 25. Qf1 Nb6 26. Qc1 g6 27. Kf1 h5
28. Ke2 g5 29. h3 Be4 30. Nxe4 Qxe4 31. Ne1 g4 32. hxg4 hxg4 33. Rc5 Nd5 34.
Bxd5 Rxd5 35. Rxd5 exd5 36. Qc2 Qc4+ 37. Kd1 Bc3 38. Nd3 d4 39. exd4 Qxd4 40.
Ke2 Qe4+ 41. Kf1 Bd4 42. Qd2 Qf5 43. g3 Qd5 44. Kg1 Kh7 45. Nf4 Qe4 46. Qd1 f5
47. Qc1 Qf3 48. Qc7+ Bg7 49. Qd6 Qe4 1/2-1/2

[Event "Mercredi 2013.15.05 ABCD"]
[Site "Montreal"]
[Date "2013.06.12"]
[Round "5"]
[White "Boudreau, Daniel"]
[Black "Levkovsky, Alexandre"]
[Result "1/2-1/2"]
[WhiteElo "2085"]
[BlackElo "2284"]
[PlyCount "97"]
[EventDate "2013.05.15"]
[EventRounds "5"]
[EventCountry "CAN"]
[SourceDate "2005.09.12"]

1. e4 e5 2. Nf3 Nc6 3. d4 exd4 4. Bc4 Nf6 5. O-O d6 6. Nxd4 Be7 7. Nc3 O-O 8.
a4 Re8 9. h3 Bf8 10. Re1 h6 11. Nxc6 bxc6 12. f4 d5 13. exd5 Rxe1+ 14. Qxe1
cxd5 15. Bd3 Bc5+ 16. Kh2 Bb7 17. Ne2 Qe7 18. Bd2 Re8 19. Nc3 Qd6 20. Qh4 Ne4
21. Re1 f5 22. Nb5 Qd7 23. Be3 Bxe3 24. Rxe3 a6 25. Nd4 c5 26. Nf3 Qxa4 27. Qh5
Rf8 28. Nh4 Qd4 29. Rf3 Qf6 30. c3 Qf7 31. Ng6 Re8 32. g4 Bc8 33. Re3 Kh7 34.
Ne5 Qxh5 35. gxh5 Nf6 36. Be2 Nd7 37. Bf3 Nxe5 38. fxe5 Be6 39. Kg2 g6 40.
hxg6+ Kxg6 41. Kg3 d4 42. cxd4 cxd4 43. Rd3 Rd8 44. Be2 Kf7 45. Ra3 Rb8 46.
Rxa6 Rxb2 47. Bh5+ Ke7 48. Rd6 Rb3+ 49. Kf2 1/2-1/2